000 00698nam a2200205Ia 4500
003 OSt
005 20260110121634.0
008 210210b1948 xxu||||| |||| 00| 0 eng d
040 _cAL
041 _aKannada
082 _a859/1056
100 _aPADMAVATI
_9146008
_dಪದ್ಮಾವತಿ
245 _aKodagara hennu muttamma mattu itara kathegalu:
_bಕೊಡಗರ ಹೆಣ್ಣು ಮುತ್ತಮ್ಮ ಮತ್ತು ಇತರ ಕಥೆಗಳು
260 _aBengaluru
_bSatyashodhana Prakatana Mandira
_c1948
650 _amuttamma
_9146009
690 _aKannada Fiction
_9146010
700 _aCHINNAPPA
_9146011
_dಚಿನ್ನಪ್ಪ
906 _a021802
942 _2ddc
_cBK
999 _c145901
_d145901